Sound (Fascinating Science Projects) (Record no. 6028)
[ view plain ]
| 000 -LEADER | |
|---|---|
| fixed length control field | 00223nam a22000857a 4500 |
| 008 - FIXED-LENGTH DATA ELEMENTS--GENERAL INFORMATION | |
| fixed length control field | 170208b xxu||||| |||| 00| 0 eng d |
| 100 ## - MAIN ENTRY--PERSONAL NAME | |
| 9 (RLIN) | 2813 |
| Personal name | Searle.B. |
| 245 ## - TITLE STATEMENT | |
| Title | Sound (Fascinating Science Projects) |
| 260 ## - PUBLICATION, DISTRIBUTION, ETC. (IMPRINT) | |
| Place of publication, distribution, etc. | New Delhi |
| Date of publication, distribution, etc. | 2013 |
| Withdrawn status | Lost status | Source of classification or shelving scheme | Damaged status | Koha normalized classification for sorting | Not for loan | Home library | Current library | Shelving location | Date acquired | Total Checkouts | Full call number | Barcode | Date last seen | Date last checked out | Price effective from | Koha item type |
|---|---|---|---|---|---|---|---|---|---|---|---|---|---|---|---|---|
| Dewey Decimal Classification | 500_000000000000000 | Good Samaritan School Library | Good Samaritan School Library | Science | 02/08/2017 | 4 | 500 | SEA12977 | 02/01/2019 | 01/31/2019 | 02/08/2017 | BOOK |